| 000 | 01157cam a2200265 i 4500 | ||
|---|---|---|---|
| 003 | SA-RiAUC | ||
| 005 | 20241201143202.0 | ||
| 008 | 241128s2001 le g 00000 ara c | ||
| 040 |
_aSA-JeALM _bara _cSA-RiAUC _erda |
||
| 082 | 0 | 4 |
_a231.1 _qSA-RiAUC |
| 090 |
_a231.1 _b ا س ع |
||
| 100 | 1 |
_aالأسعد، طارق أسعد حلمي _eمؤلف. |
|
| 245 | 1 | 0 |
_aعلم أسباب ورود الحديث وتطبيقاته عند المحدثين والأصوليين وجمع طائفة مما لم يصنف من أسباب الحديث / _cطارق أسعد حلمي الأسعد. |
| 250 | _aالطبعة الاولى : | ||
| 264 | 1 |
_aبيروت : _bدار ابن حزم، _c2001 |
|
| 300 |
_a545 صفحة ؛ _c24 سم |
||
| 336 |
_aنص _btxt _2rdacontent _3كتاب |
||
| 337 |
_aبدون وسيط _bn _2rdamedia |
||
| 338 |
_aمجلد _bnc _2rdacarrier |
||
| 500 | _aقدمت هذه الرسالة لنيل درجة دكتوراه الدولة-حلقة بحث أولي. | ||
| 650 | 7 |
_aالحديث _xأسباب وروده _2aucsh |
|
| 650 | 7 |
_aالحديث _xرواية _2aucsh |
|
| 942 |
_2ddc _cBOOK _n0 |
||
| 949 |
_aSA-JeALM _d241128 _uosman123 _n1 |
||
| 999 |
_c2902 _d2902 |
||